000 nam a22 a 4500
999 _c183338
_d183338
003 BLK
005 20220531124342.0
008 180411b bul|||||r ||||||| ||bul||
010 _aKNG00192268000
040 _aBLK
041 _aBUL
_cBUL
080 _aСлавянски езици
_b811.16
_z811.16
100 1 _aДеянова, Мария
_eпърви автор
_9343176
139 _aДеянова, Мария
_bД 48
245 1 0 _aИмперфект и аорист в славянските езици
_cМария Деянова.
257 _aBGR
260 _aСофия
_bБАН
_c1966
300 _a202 с.
_c25 см
380 _a80
500 _aИзд. на БАН. Инст. за бълг. ез
650 4 _aСлавянски езици - граматика
_9268565
653 _aславянски езици
653 _aграматика
653 _aсравнително езикознание
852 _aЦб 38068
_bЦб
856 4 _qpdf
856 4 _qpdf
942 _cKNG
_n0
_s1
944 _aCR
_c11.10.2016
_kТеодора_Стоянова
944 _aED
_c11.10.2016
_kТеодора_Стоянова